000 00469nam a2200157Ia 4500
003 OSt
005 20200626140239.0
008 190216s9999||||xx |||||||||||||| ||und||
040 _coclc
082 _a954.83
_bWAR/M
100 _aWard
_93276
245 0 _aMemoir Of The Survey Of The Travancore And Cochin States /
_cWard ; Corner
260 _bGovernment Of Kerala,
_c1994.
300 _a152p
942 _cBK
_2ddc
_h954.83
_iWAR/M
_k954.83
_mWAR/M
999 _c20585
_d20585